| 000 | 00629cam a22002171 4500 | ||
|---|---|---|---|
| 001 | ne 68004884 | ||
| 003 | DLC | ||
| 005 | 20260227111852.0 | ||
| 008 | 890317s1968 ua 000 0 ara | ||
| 010 | _ane 68004884 | ||
| 025 | _aPL480:UAR-9708 | ||
| 035 | _a(OCoLC)19381922 | ||
| 040 |
_aDLC _cWaU _dWaU _dDLC |
||
| 042 | _apremarc | ||
| 050 | 0 | 0 |
_aHQ1233 _b.A7 |
| 100 | 1 |
_aʻAqqād, ʻAbbās Maḥmūd, _d1889-1964. |
|
| 245 | 1 | 0 |
_aHādhihi al-shajarah wa-al-insān al-thānī, _cbi-qalam ʻAbbās Maḥmūd al-ʻAqqād. |
| 260 |
_a[al-Qāhirah] _bMaktabat Gharīb _c[1968] |
||
| 300 |
_a178 p. _c20 cm. |
||
| 650 | 0 | _aWomen. | |
| 999 |
_c51183 _d51183 |
||